Türk Medeni Kanunu (Record no. 3730)

MARC details
000 -BAŞLIK
Sabit Uzunlukta Kontrol Alanı 00686na a2200229 4500
001 - KONTROL NUMARASI
Denetim Alanı 16968
003 - KONTROL NUMARASI IDENTIFIER
Denetim Alanı MIRAKIL
005 - SON İŞLEM TARİHİ VE ZAMANI
Denetim Alanı 20181213154941.0
008 - SABİT-BOY VERİ ELEMANLARI - GENEL BİLGİLER
Sabit Uzunlukta Kontrol Alanı 161018b tu 000 0
040 ## - KATALOGLAMA KAYNAK
Orijinal Kataloglama Ajansı Milas
Kataloglama Dili tur
Metne Dönüştürmek Ajansı TR-AnCHP
041 ## - DİL KODU
Metin / Ses Parça Veya Ayrı Başlığın Dil Kodu tur
082 ## - DEWEY ONLU SINIFLANDIRMA NUMARASI
Sınıflandırma Numarası 346.0150263
Ürün Numarası Y44t 2001
090 ## - SINIFLAMA NUMARASI
Sınıflama Numarası 346.0150263 Y44t 2001
100 ## - ANA GİRİŞ - KİŞİSEL İSİM
Kişisel Ad Yıldırım, Osman
245 ## - BAŞLIK TABLOSU
Başlık Türk Medeni Kanunu
Sorumluluk Tablosu, Vb Osman Yıldırım, M. Turan Özer
260 ## - YAYIN, DAĞITIM, VB
Yayın, Dağıtım, Vb Yeri Adana
Yayıncı, Dağıtıcı, Vs Adı Çukurova Üniversitesi
Yayın, Dağıtım, Vb Tarihi 2001
300 ## - FİZİKSEL TANIM
Kapsam xxxvi, 274 s.
Boyutlar 24 sm.
650 ## - KONU KATMA GİRİŞ - TOPİKAL DÖNEM
Topikal Süreli Veya Coğrafi Ad Giriş Elemanı Medeni hukuk
Genel Alt Bölümü Kanunlar ve yönetmelikler
Coğrafi Alt Bölümü Türkiye
650 ## - KONU KATMA GİRİŞ - TOPİKAL DÖNEM
Topikal Süreli Veya Coğrafi Ad Giriş Elemanı Medeni haklar
Genel Alt Bölümü Hukuk ve mevzuat
Coğrafi Alt Bölümü Türkiye
700 ## - KATMA GİRİŞ - KİŞİSEL İSİM
Kişisel Ad Özer, M. Turan
942 ## - EKLENDİ GİRİŞ ELEMANLARI (KOHA)
Sınıflandırma Veya Raf Düzeni Kaynak Dewey Decimal Classification
Koha Öğesi Türü Books
999 ## - SİSTEM KONTROL NUMARALARI (KOHA)
Koha Biblionumber 3730
Koha Biblioitemnumber 3730
Holdings
Kalıcı Konum Mevcut Konum Edinme Tarihi Edinim Kaynak Toplam Check-Out'Lar Tam Çağrı Numarası Barkod Tarih Son Görülme İtibaren Geçerli Fiyatlar Koha Öğesi Türü
CHP Kütüphanesi CHP Kütüphanesi 10/18/2016 Bağış   346.0150263 Y44t 2001 005435 10/18/2016 10/18/2016 Books